| 000 | 00466cam a2200181ua 4500 | ||
|---|---|---|---|
| 001 | 2797 | ||
| 008 | 110908n ii |||gr||||Z||||||asm | ||
| 040 | _cMAIN | ||
| 082 | _a882 | ||
| 100 |
_aSharma, Basanta Kumar, _eAuthor. |
||
| 245 | 1 | 1 |
_aGreek tregedi aru sopholes _cby Basanta Kumar Sharma |
| 250 | _a1st. | ||
| 260 |
_aGuahati: _bSarada prakashan,996. |
||
| 300 |
_a322p: _c23cm. |
||
| 653 | _aGreek drama | ||
| 653 | _aGreek tregedi aru sopholes | ||
| 942 | _cBK | ||
| 999 |
_c2646 _d2646 |
||